000 01413nam a2200217Ia 4500
001 a1774-44093
003 IT-MiCISF
008 161014s9999||||xx |||||||||||||| ||und||
040 _aIT-MiCISF
_cIT-MiCISF
041 _ait
100 _aConori Gianmario Adriano
245 0 _aPreghiere di famiglia
_bCelebrazioni per la famiglia e i gruppi di famiglie
250 _a1a ed.
260 _a Cantalupa (TO)
_bEffatà Editrice
_c2007
300 _app. 126
500 _a / spiritualità-familiare, chiesa-domestica, liturgia / Nella vita liturgica di una comunità è raro che si propongano celebrazioni che tengano conto della presenza della famiglia con tutti i suoi componenti genitori e figli di diversa età. Considerare la presenza della famiglia alla vita celebrativa di una comunità significa anche educare la famiglia a continuare nella propria realtà domestica a vivere questa dimensione importante ed essenziale della vita di fede. Gli AA., docenti di religione nelle scuole superiori, hanno raccolto in questo volume alcune celebrazioni sperimentate da un numero di famiglie durante le attività organizzate dall'Ufficio Nazionale per la pastorale della famiglia della CEI, esprimendo attraverso la celebrazione il senso della loro vita quotidiana familiare.
650 _a Temi di pastorale / pastorale-familiare
_e012
700 _aDanelli Ernesto
942 _cBK
957 _71
999 _a44093
_bsi
_g1
_c217425
_d217425